header

The acquisition of finiteness (Record no. 20302)

MARC details
000 -LEADER
fixed length control field 01411nam a2200349Ia 4500
100 1# - MAIN ENTRY--AUTHOR NAME
Personal name Blom, Elma,
245 14 - TITLE STATEMENT
Title The acquisition of finiteness
260 ## - PUBLICATION, DISTRIBUTION, ETC. (IMPRINT)
Place of publication Berlin ;
-- New York :
Name of publisher Mouton de Gruyter,
Year of publication c2008.
300 ## - PHYSICAL DESCRIPTION
Number of Pages viii, 162 p. :
Other physical details ill.
490 1# - SERIES STATEMENT
Series statement Studies in generative grammar,
650 #0 - SUBJECT ADDED ENTRY--TOPICAL TERM
Topical Term Cognition in children.
Topical Term Germanic languages
Topical Term Grammar, Comparative and general
Topical Term Language acquisition.
856 40 - ELECTRONIC LOCATION AND ACCESS
Uniform Resource Identifier http://site.ebrary.com/lib/rucke/Doc?id=10275926

No items available.

© 2026 Rongo University
Contact us: librarian | system librarian | Rongo university